| 000 | 00000nam##2200000za#4500 |
| 001 | 9.536060 |
| 003 | CaOODSP |
| 005 | 20210615084257 |
| 007 | ta |
| 008 | 150406|2002||||xxc||||| f|0| 0 eng|d |
| 020 | |a0-662-66099-4 |
| 040 | |aCaOODSP|beng |
| 041 | |aeng |
| 041 | |afre |
| 043 | |an-cn--- |
| 086 | 1 |aC21-24/36-2001 |
| 110 | 1 |aCanada.|bIndustry Canada. |bMicro-Economic Analysis Directorate. |
| 245 | 10|aForeign direct investment and domestic capital formation / |cby Walid Hejazi and Peter Pauly. |
| 260 | |bIndustry Canada. |c2002. |
| 300 | |aEnglish text, 75p. : |bgraphs, tables ; |c28 cm. |
| 490 | 1 |aWorking paper|vNo. 36 |
| 504 | |aBibliography. |
| 563 | |aSoftcover |
| 590 | |a02-47|b2002-11-22 |
| 690 | 07|aForeign investments|2gcpds |
| 720 | 1 |aHejazi, Walid |
| 720 | 1 |aPauly, Peter |
| 776 | 0#|tForeign direct investment and domestic capital formation / |w(CaOODSP)9.570628 |
| 776 | 0#|tInvestissement étranger direct et formation intérieure de capital / |w(CaOODSP)9.601276 |
| 792 | |tInvestissement étranger direct et formation intérieure de capital / |efre|w(CaOODSP)9.536061 |
| 830 | #0|aWorking paper ;|vNo. 36|w(CaOODSP)9.509052 |